000 01073nam a2200241 a 4500
001 77037
003 BD-RjUL
005 20211209082923.0
008 200216r19781975enk 000 0 eng
020 _a0853691010
035 _a(BD-RjUL)
040 _aDLC
_cDLC
_dEQO
_dBD-RjUL
_beng
041 _aeng
043 _ae-uk---
082 _a615.1141
_223
_bPHB 1978
110 2 0 _aPharmaceutical Society of Great Britain.
_bDepartment of Pharmaceutical Sciences.
_9239459
245 1 0 _aBritish pharmaceutical codex Supplement, 1976:
_bA supplement of additions and amendments to the British Pharmaceutical Codex 1973 /
_cPrepared in the Department of Pharmaceutical Sciences of the Pharmaceutical Society of Great Britain
260 _aLondon :
_bPharmaceutical Press,
_c1975 [Impression 1978]
300 _axx, 50 p. ;
_c26 cm.
500 _a"Prepared in the Department of Pharmaceutical Sciences of the Pharmaceutical Society of Great Britain and published by direction of the Society's Council."
650 0 _aPharmacopoeias
_zGreat Britain.
_9239460
942 _2ddc
_cRAR
999 _c77037
_d77037